Noms de langues en langue originale - Statistiques

Statistiques générales
  • Ce quiz a été pris 432 fois
  • Le résultat moyen est 23 sur 50
Statistiques - réponses
Langue en langue originale Langue en français % Correct
English Anglais
99%
Français Français
99%
Italiano Italien
98%
Español Espagnol
97%
Deutsch Allemand
96%
Português Portugais
95%
ٱلْعَرَبِيَّة Arabe
91%
Română Roumain
90%
Türkçe Turc
83%
官话 Mandarin
80%
Lingua latīna Latin
76%
Nederlands Néerlandais
74%
Polski Polonais
73%
Malti Maltais
67%
Tiếng Việt Vietnamien
67%
Català Catalan
66%
Ελληνικά Grec
66%
русский Russe
65%
Íslenska Islandais
60%
Slovenščina Slovène
59%
Esperanto Espéranto
58%
українська Ukrainien
50%
Kréol Rénioné Créole réunionnais
48%
עִבְרִית Hébreu
40%
Rumantsch Romanche
36%
Türkmençe Turkmène
34%
Lëtzebuergesch Luxembourgeois
33%
فارسی Persan
32%
粤语 Cantonais
31%
Suomi Finnois
30%
Gaeilge Irlandais
30%
Brezhoneg Breton
29%
isiZulu Zoulou
27%
हिन्दी Hindi
26%
ภาษาไทย Thaï
26%
Ngala Lingala
22%
Shqip Albanais
21%
ქართული ენა Géorgien
18%
հայերեն Arménien
14%
Cymraeg Gallois
13%
தமிழ் Tamoul
12%
ភាសាខ្មែរ Khmer
11%
Volapük Volapük
9%
Kalaallisut Groenlandais
6%
Valyrio eglie Haut Valyrien
5%
සිංහල Singhalais
5%
Ddorerin Naoero Nauruan
2%
Soŋay Songhaï
2%
TlhIngan Hol Klingon
1%
Xipaitíisí Pirahã
1%
Aucun quiz correspondant
Distribution des résultats
% des personnes avec chaque résultat
Percentile par nombre de réponses
Votre historique - résultats
Vous n’avez pas pris ce quiz